000 00694nam a22002057a 4500
999 _c21064
_d21064
003 AR-CdUCM
008 190926b ||||| |||| 00| 0 eng d
040 _aMUNICIPALIDAD PROVINCIAL DEL CUSCO
_cBIBLIOTECA MUNICIPAL DEL CUSCO
041 _hjpn
082 _a746 /
_bSC29
100 _aSchneider, Renate
_943859
245 _aKyoko Adaniya-Baier /
260 _aAustria :
_bKyoko Adaniya-Baier,
_c2006.
300 _bfotografías a color,
_c26 cm.
500 _as/n. de paginas libro escrito en ingles y japones.
505 _aContenido : Breve descripción sobre el arte textil japones, con fotografías a color.
650 _aArte textil
_943316
942 _2ddc
_cLIBROS
945 _azta